[Event "Africa-ch U18"]
[Site "Cairo"]
[Date "2017.12.06"]
[Round "6.4"]
[White "Agulhas, Keegan"]
[Black "Zayan, Mohamed"]
[Result "0-1"]
[WhiteElo "1976"]
[BlackElo "2114"]
[PlyCount "64"]
[EventDate "2017.12.03"]
[EventType "swiss"]
[EventRounds "9"]
[EventCountry "EGY"]
[SourceTitle "EXT 2024"]
[Source "ChessBase"]
[SourceDate "2023.10.10"]
[SourceVersion "1"]
[SourceVersionDate "2023.10.10"]
[SourceQuality "1"]

1. e4 c5 2. Nf3 Nc6 3. d4 cxd4 4. Nxd4 Nf6 5. Nc3 e5 6. Ndb5 d6 7. Nd5 Nxd5 8. exd5 Nb8 9. c4 Be7 10. Be3 0-0 11. Be2 a6 12. Qa4 f5 13. f3 Nd7 14. Qa3 f4 15. Bf2 Nf6 16. 0-0 Bf5 17. Nc3 Kh8 18. Rfd1 g5 19. c5 g4 20. Na4 gxf3 21. Bxf3 e4 22. Be2 Bg4 23. Bxg4 Nxg4 24. Bd4+ Bf6 25. Qh3 Rg8 26. Qc3 Be5 27. h3 Ne3 28. Bxe5+ dxe5 29. Qxe5+ Rg7 30. Rd2 Qa5 31. Qd4 Nf5 32. b4 Nxd4 0-1

[Event "Africa-ch U18"]
[Site "Cairo"]
[Date "2017.12.05"]
[Round "4.4"]
[White "Khater, Ahmed Hamdy"]
[Black "Zayan, Mohamed"]
[Result "0-1"]
[WhiteElo "1871"]
[BlackElo "2114"]
[PlyCount "30"]
[EventDate "2017.12.03"]
[EventType "swiss"]
[EventRounds "9"]
[EventCountry "EGY"]
[SourceTitle "EXT 2024"]
[Source "ChessBase"]
[SourceDate "2023.10.10"]
[SourceVersion "1"]
[SourceVersionDate "2023.10.10"]
[SourceQuality "1"]

1. c4 e5 2. Nc3 Nf6 3. Nf3 Nc6 4. e4 Bc5 5. Nxe5 Nxe5 6. d4 Bb4 7. dxe5 Nxe4 8. Qf3 Nxc3 9. bxc3 Bc5 10. Qg3 Kf8 11. Bf4 d6 12. exd6 Bxd6 13. Bxd6+ Qxd6 14. Qxd6+ cxd6 15. 0-0-0 Ke7 0-1

[Event "Africa-ch U18"]
[Site "Cairo"]
[Date "2017.12.04"]
[Round "2.3"]
[White "Nassr, Ahmed"]
[Black "Zayan, Mohamed"]
[Result "1-0"]
[WhiteElo "2037"]
[BlackElo "2114"]
[PlyCount "39"]
[EventDate "2017.12.03"]
[EventType "swiss"]
[EventRounds "9"]
[EventCountry "EGY"]
[SourceTitle "EXT 2024"]
[Source "ChessBase"]
[SourceDate "2023.10.10"]
[SourceVersion "1"]
[SourceVersionDate "2023.10.10"]
[SourceQuality "1"]

1. d4 Nf6 2. Bf4 c5 3. e3 Nd5 4. dxc5 Nxf4 5. exf4 Qa5+ 6. Qd2 Qxc5 7. Qc3 e6 8. Qxc5 Bxc5 9. Nf3 Nc6 10. c3 a5 11. Nbd2 b6 12. a4 Bb7 13. Be2 d5 14. Nb3 Bd6 15. g3 d4 16. 0-0 dxc3 17. bxc3 0-0 18. Rfd1 Rfd8 19. Rd2 Be7 20. Rad1 1-0

[Event "Africa-ch U18"]
[Site "Cairo"]
[Date "2017.12.03"]
[Round "1.4"]
[White "Zayan, Mohamed"]
[Black "Rapheal, Titoluwanimi Ibukun"]
[Result "1/2-1/2"]
[WhiteElo "2114"]
[BlackElo "1860"]
[PlyCount "83"]
[EventDate "2017.12.03"]
[EventType "swiss"]
[EventRounds "9"]
[EventCountry "EGY"]
[SourceTitle "EXT 2024"]
[Source "ChessBase"]
[SourceDate "2023.10.10"]
[SourceVersion "1"]
[SourceVersionDate "2023.10.10"]
[SourceQuality "1"]

1. e4 e5 2. Nf3 Nc6 3. Bb5 a6 4. Ba4 Nf6 5. 0-0 b5 6. Bb3 Be7 7. Re1 0-0 8. c3 d6 9. h3 Na5 10. Bc2 c5 11. d4 Qc7 12. Nbd2 Bd7 13. d5 Qc8 14. Nf1 c4 15. Ng3 Bd8 16. Be3 Nb7 17. Nh4 g6 18. Bh6 Re8 19. Bg5 Kg7 20. Bxf6+ Bxf6 21. Nhf5+ Kh8 22. Nh6 Rf8 23. Ng4 Bg5 24. Qf3 Bxg4 25. hxg4 Qd8 26. a4 Qf6 27. Qxf6+ Bxf6 28. Ra3 Nc5 29. axb5 axb5 30. Rea1 Rxa3 31. Rxa3 Rb8 32. b4 cxb3 33. Bxb3 b4 34. cxb4 Rxb4 35. Bc2 Bh4 36. Kh2 Bxg3+ 37. Rxg3 Rc4 38. Ra3 Nxe4 39. Bxe4 Rxe4 40. Ra6 Rd4 41. Rxd6 Kg7 42. g5 1/2-1/2

[Event "Cairo Egyptian op"]
[Site "Cairo"]
[Date "2016.04.28"]
[Round "9"]
[White "Elazzawy, Walid"]
[Black "Zayan, Mohamed"]
[Result "0-1"]
[WhiteElo "1918"]
[BlackElo "2154"]
[PlyCount "77"]
[EventDate "2016.04.22"]
[EventType "swiss"]
[EventRounds "9"]
[EventCountry "EGY"]
[SourceTitle "CBM 172 Extra"]
[Source "ChessBase"]
[SourceDate "2016.06.21"]
[SourceVersion "1"]
[SourceVersionDate "2016.06.21"]
[SourceQuality "1"]

1. d4 Nf6 2. c4 c5 3. d5 b5 4. cxb5 a6 5. bxa6 Bxa6 6. Nc3 g6 7. Nf3 Bg7 8. e4 Bxf1 9. Kxf1 d6 10. g3 0-0 11. Kg2 Nbd7 12. Qe2 Qa5 13. a4 Rfb8 14. Ra3 Nb6 15. Nd2 Nfd7 16. Nd1 Nxa4 17. b3 Nc3 18. Qg4 Qc7 19. Rxa8 Rxa8 20. Nxc3 Bxc3 21. Nc4 Rb8 22. Qf3 Bd4 23. Bf4 Qa7 24. Rd1 Qa2 25. Rd3 Nb6 26. Nxb6 Rxb6 27. Bg5 Qc2 28. Bh6 Rb8 29. h4 Bf6 30. h5 Rb5 31. Qg4 Rb8 32. Qf3 Qb1 33. Re3 Ra8 34. Qg4 Bg7 35. Bg5 h6 36. Bxe7 Ra1 37. Qc8+ Kh7 38. hxg6+ fxg6 39. Kf3 0-1

[Event "Arab-ch U20"]
[Site "Abu Dhabi"]
[Date "2015.01.05"]
[Round "2"]
[White "Zayan, Mohamed"]
[Black "Nader, Mohamed"]
[Result "1-0"]
[WhiteElo "2232"]
[BlackElo "2099"]
[PlyCount "68"]
[EventDate "2015.01.04"]
[EventType "swiss"]
[EventRounds "9"]
[EventCountry "UAE"]
[SourceTitle "CBM 164 Extra"]
[Source "ChessBase"]
[SourceDate "2015.03.02"]
[SourceVersion "1"]
[SourceVersionDate "2015.03.02"]
[SourceQuality "1"]

1. e4 c5 2. Nf3 a6 3. c3 e6 4. d4 d5 5. exd5 exd5 6. Bd3 Nf6 7. 0-0 c4 8. Bc2 Be7 9. Ne5 0-0 10. Nd2 g6 11. f4 Bf5 12. Bxf5 gxf5 13. Rf3 Nbd7 14. Rh3 Kh8 15. Nf1 Nxe5 16. fxe5 Ng4 17. Qf3 Qd7 18. Ne3 f6 19. Qxf5 Qxf5 20. Nxf5 Rae8 21. Rh4 fxe5 22. Nxe7 Rxe7 23. Rxg4 exd4 24. Bh6 Rf6 25. Bg5 Rg6 26. Bxe7 Rxg4 27. Bf6+ Kg8 28. Bxd4 Re4 29. Kf2 Rf4+ 30. Kg3 Re4 31. Rf1 b5 32. h4 a5 33. h5 h6 34. Rf6 Kg7 1-0

[Event "Africa-ch U16"]
[Site "Monastir"]
[Date "2014.12.23"]
[Round "4.1"]
[White "Hbacha, Achraf"]
[Black "Zayan, Mohamed"]
[Result "0-1"]
[WhiteElo "1973"]
[BlackElo "2241"]
[PlyCount "70"]
[EventDate "2014.12.21"]
[EventType "swiss"]
[EventRounds "9"]
[EventCountry "TUN"]
[SourceTitle "EXT 2024"]
[Source "ChessBase"]
[SourceDate "2023.10.10"]
[SourceVersion "1"]
[SourceVersionDate "2023.10.10"]
[SourceQuality "1"]

1. c4 e5 2. d3 Nf6 3. g3 Bb4+ 4. Bd2 Bxd2+ 5. Nxd2 0-0 6. Bg2 c6 7. Ngf3 Qe7 8. 0-0 d5 9. cxd5 cxd5 10. Rc1 Nc6 11. Nb3 Rd8 12. a3 h6 13. h3 Bf5 14. e3 Bh7 15. Nh2 Rac8 16. Qd2 e4 17. d4 Bf5 18. Rfd1 b6 19. g4 Bg6 20. Rc3 h5 21. Rdc1 Qd7 22. Bf1 Ne7 23. Be2 hxg4 24. hxg4 Nh7 25. Kh1 Ng5 26. Rg1 f6 27. Kg2 Kf7 28. Nf1 Rh8 29. Ng3 Rh4 30. Rxc8 Nf3 31. Bxf3 exf3+ 32. Kf1 Qxc8 33. Qc3 Qa6+ 34. Ke1 Rxg4 35. Nf1 Qb7 0-1

[Event "Wch U16"]
[Site "Durban"]
[Date "2014.09.21"]
[Round "2"]
[White "Zayan, Mohamed"]
[Black "Petrosyan, Manuel"]
[Result "0-1"]
[WhiteElo "2125"]
[BlackElo "2397"]
[PlyCount "150"]
[EventDate "2014.09.20"]
[EventType "swiss"]
[EventRounds "11"]
[EventCountry "RSA"]
[SourceTitle "CBM 162 Extra"]
[Source "ChessBase"]
[SourceDate "2014.10.17"]
[SourceVersion "1"]
[SourceVersionDate "2014.10.17"]
[SourceQuality "1"]

1. e4 c5 2. Nf3 e6 3. d4 cxd4 4. Nxd4 Nc6 5. Nxc6 bxc6 6. Bd3 Nf6 7. 0-0 e5 8. Qe2 Be7 9. Nd2 0-0 10. Nc4 d6 11. Bd2 Bg4 12. f3 Be6 13. Rad1 Nd7 14. Kh1 Rb8 15. a3 Nc5 16. Bb4 Na4 17. b3 Rxb4 18. axb4 Nc3 19. Qe3 Nxd1 20. Rxd1 Qb8 21. Na5 Rc8 22. Bc4 d5 23. exd5 cxd5 24. Bxd5 Bxd5 25. Rxd5 Rxc2 26. h3 e4 27. fxe4 h6 28. e5 Qxb4 29. e6 f6 30. Nc4 Qb7 31. Qd3 Rc1+ 32. Kh2 Qc7+ 33. g3 Re1 34. Ne3 Qb6 35. Rd4 Qxe6 36. Re4 Qd6 37. Qc4+ Kf8 38. Rd4 Qe5 39. Qc8+ Kf7 40. Qc4+ Qe6 41. Qxe6+ Kxe6 42. Ng2 Rb1 43. Nf4+ Kf7 44. Rd7 Rb2+ 45. Kh1 Rxb3 46. Rxa7 Re3 47. Kg2 Re5 48. Kf3 g5 49. Nd3 Re6 50. Nc5 Rc6 51. Nd3 h5 52. Nb4 g4+ 53. hxg4 hxg4+ 54. Ke3 Re6+ 55. Kd3 Kf8 56. Nd5 Bc5 57. Ra4 f5 58. Rf4 Re5 59. Nf6 Ke7 60. Nxg4 fxg4 61. Rxg4 Re3+ 62. Kc4 Bd6 63. Kd5 Re5+ 64. Kd4 Ra5 65. Rg6 Be5+ 66. Ke4 Bf6 67. g4 Kf7 68. Rh6 Ra1 69. Rh5 Kg6 70. Rf5 Bg5 71. Kf3 Ra3+ 72. Kg2 Bh4 73. Rf3 Ra2+ 74. Kh3 Bf6 75. Kg3 Be5+ 0-1

[Event "Mahalla op 15th"]
[Site "Mahalla"]
[Date "2014.04.22"]
[Round "1"]
[White "Atef, Hatem"]
[Black "Zayan, Mohamed"]
[Result "0-1"]
[WhiteElo "2173"]
[BlackElo "1989"]
[PlyCount "106"]
[EventDate "2014.04.22"]
[EventType "swiss"]
[EventRounds "9"]
[EventCountry "EGY"]
[SourceTitle "EXT 2015"]
[Source "ChessBase"]
[SourceDate "2014.11.20"]
[SourceVersion "1"]
[SourceVersionDate "2014.11.20"]
[SourceQuality "1"]

1. e4 c5 2. Nf3 Nc6 3. d4 cxd4 4. Nxd4 g6 5. Nxc6 bxc6 6. Qd4 Nf6 7. e5 Nd5 8. c4 Nb4 9. Qc3 c5 10. a3 Qa5 11. e6 f6 12. exd7+ Bxd7 13. Bd2 Qa6 14. b3 Nc6 15. Be3 Qb6 16. Nd2 Bf5 17. f3 Nd4 18. Ra2 a5 19. Rb2 e5 20. h4 h5 21. Bd3 Bxd3 22. Qxd3 Kf7 23. Kf2 Rd8 24. Qb1 Nf5 25. Ne4 Nxe3 26. Kxe3 Bh6+ 27. Ke2 Rd4 28. Nc3 Rhd8 29. Nd5 Qe6 30. Kf2 e4 31. Re2 e3+ 32. Kf1 R8xd5 33. cxd5 Qxd5 34. Qc2 c4 35. bxc4 Rxc4 36. Qb2 Rd4 37. Qc2 Rc4 38. Qb2 Qc6 39. Rh3 Rc1+ 40. Re1 Rc2 41. Qb3+ Kg7 42. Qd3 Rc3 43. Qd8 Qe6 44. f4 Bxf4 45. Rf3 Qg4 46. Qe7+ Kh6 47. Qf8+ Kh7 48. Qf7+ Kh6 49. Qb7 Rc2 50. Rxf4 Qxf4+ 51. Kg1 Qf2+ 52. Kh2 Qxh4+ 53. Kg1 Qxe1+ 0-1

[Event "Wch U14"]
[Site "Al Ain"]
[Date "2013.12.23"]
[Round "7"]
[White "Absaridze, Gigi"]
[Black "Zayan, Mohamed"]
[Result "1-0"]
[WhiteElo "1726"]
[BlackElo "1939"]
[PlyCount "141"]
[EventDate "2013.12.18"]
[EventType "swiss"]
[EventRounds "11"]
[EventCountry "UAE"]
[SourceTitle "CBM 158 Extra"]
[Source "ChessBase"]
[SourceDate "2014.02.28"]
[SourceVersion "1"]
[SourceVersionDate "2014.02.28"]
[SourceQuality "1"]

1. e4 c5 2. c3 Nf6 3. e5 Nd5 4. d4 cxd4 5. Bc4 Nb6 6. Bb3 Nc6 7. Nf3 d6 8. exd6 Qxd6 9. Nxd4 e5 10. Nb5 Qxd1+ 11. Bxd1 Kd8 12. Bb3 a6 13. Be3 Nd7 14. N5a3 f6 15. 0-0 Bc5 16. Nc2 Ke7 17. Nd2 f5 18. Rfe1 Kf6 19. Rad1 e4 20. Nc4 Be7 21. Nb6 Nxb6 22. Bxb6 a5 23. Ne3 a4 24. Bc4 Be6 25. Bxe6 Kxe6 26. Nd5 Bd8 27. f3 a3 28. b3 Bxb6+ 29. Nxb6 Rad8 30. fxe4 Rxd1 31. exf5+ Kxf5 32. Rxd1 Ke4 33. Nc4 Ra8 34. Kf2 Ra7 35. Rd7 b5 36. Rxa7 Nxa7 37. Nxa3 Kd3 38. c4 b4 39. Nb5 Nc6 40. h3 h6 41. Kf3 g5 42. Kg4 Kc2 43. Kf5 Kb2 44. Ke4 Kxa2 45. Nd4 Ne7 46. c5 Kb2 47. c6 Kc3 48. c7 Nc8 49. Ke5 Nb6 50. g4 Nc8 51. Kd5 Nb6+ 52. Kc5 Nc8 53. Nb5+ Kxb3 54. Nd6 Ne7 55. c8Q Nxc8 56. Nxc8 Kc3 57. Nb6 b3 58. Nc4 Kd3 59. Kb4 Ke4 60. Kxb3 Kf4 61. Nd6 h5 62. gxh5 Ke5 63. h6 Kf6 64. Kc4 Kg6 65. Nf5 Kh7 66. Kd5 Kg6 67. Ke6 Kh7 68. Kf6 Kh8 69. Kg6 Kg8 70. h7+ Kh8 71. Nd6 1-0

[Event "EGY-ch"]
[Site "Cairo"]
[Date "2013.04.03"]
[Round "9"]
[White "Wagdy, Andro"]
[Black "Zayan, Mohamed"]
[Result "1-0"]
[WhiteElo "2065"]
[BlackElo "1879"]
[PlyCount "105"]
[EventDate "2013.03.26"]
[EventType "swiss"]
[EventRounds "9"]
[EventCountry "EGY"]
[SourceTitle "CBM 153 Extra"]
[Source "ChessBase"]
[SourceDate "2013.04.22"]
[SourceVersion "1"]
[SourceVersionDate "2013.04.22"]
[SourceQuality "1"]

1. d4 Nf6 2. c4 c5 3. d5 b5 4. Qc2 bxc4 5. e4 d6 6. Bxc4 g6 7. Nf3 Bg7 8. 0-0 0-0 9. h3 Ba6 10. Bxa6 Nxa6 11. Nc3 Nc7 12. Bf4 Rb8 13. Nd2 Nb5 14. Nxb5 Rxb5 15. Nc4 Nd7 16. Rab1 Rb7 17. Bd2 Nb6 18. Na5 Rd7 19. Nc6 Qa8 20. Ba5 Nc8 21. b4 c4 22. Qxc4 a6 23. a4 Na7 24. Qxa6 Nxc6 25. Qxc6 Ra7 26. Qxa8 Rfxa8 27. Rfc1 Bd4 28. Rc7 Rxc7 29. Bxc7 Rxa4 30. b5 Ra7 31. b6 Rb7 32. Kf1 Kf8 33. Ke2 Ke8 34. f3 f5 35. Kd3 Bc5 36. Kc4 Kd7 37. Kb5 f4 38. Ra1 Rxc7 39. bxc7 Kxc7 40. Ra8 Bd4 41. Rf8 Bf6 42. Rf7 h6 43. Rh7 h5 44. Rh6 g5 45. Rxh5 Kd7 46. Rh6 Ke8 47. Rxf6 exf6 48. Kc6 Ke7 49. Kc7 Kf7 50. Kxd6 Kg7 51. Ke6 Kh6 52. d6 Kh5 53. d7 1-0

[Event "EGY-ch"]
[Site "Cairo"]
[Date "2013.04.02"]
[Round "8"]
[White "Hassan, Sayed Barakat"]
[Black "Zayan, Mohamed"]
[Result "1-0"]
[WhiteElo "2353"]
[BlackElo "1879"]
[PlyCount "71"]
[EventDate "2013.03.26"]
[EventType "swiss"]
[EventRounds "9"]
[EventCountry "EGY"]
[SourceTitle "CBM 153 Extra"]
[Source "ChessBase"]
[SourceDate "2013.04.22"]
[SourceVersion "1"]
[SourceVersionDate "2013.04.22"]
[SourceQuality "1"]

1. e4 c5 2. Nc3 Nc6 3. Bb5 g6 4. Bxc6 dxc6 5. d3 Bg7 6. f4 Nf6 7. Nf3 Bg4 8. 0-0 0-0 9. Qe1 Bxf3 10. Rxf3 Nd7 11. e5 Nb6 12. Ne4 c4 13. Qh4 Qd4+ 14. Nf2 cxd3 15. Rxd3 Qb4 16. c3 Qc5 17. Be3 Qb5 18. b3 f6 19. c4 Qa5 20. Bd2 Qc5 21. Rh3 h6 22. Be3 Qa5 23. Qg4 fxe5 24. Qxg6 exf4 25. Ng4 Rf6 26. Nxf6+ exf6 27. Bxf4 Qc5+ 28. Be3 Qe5 29. Rf1 Qe8 30. Qg3 Qe5 31. Bxh6 f5 32. Bxg7 Qxg7 33. Rxf5 Rd8 34. Rg5 Rd1+ 35. Kf2 Rd2+ 36. Ke1 1-0

[Event "EGY-ch"]
[Site "Cairo"]
[Date "2013.04.01"]
[Round "7"]
[White "Zayan, Mohamed"]
[Black "Shoker, Samy"]
[Result "1-0"]
[WhiteElo "1879"]
[BlackElo "2480"]
[PlyCount "91"]
[EventDate "2013.03.26"]
[EventType "swiss"]
[EventRounds "9"]
[EventCountry "EGY"]
[SourceTitle "CBM 153 Extra"]
[Source "ChessBase"]
[SourceDate "2013.04.22"]
[SourceVersion "1"]
[SourceVersionDate "2013.04.22"]
[SourceQuality "1"]

1. e4 d6 2. d4 Nf6 3. Nc3 c6 4. Be3 b5 5. f3 Qc7 6. Qd2 g6 7. Nge2 h5 8. h4 Bg7 9. Nf4 Nbd7 10. a3 a6 11. Na2 Rb8 12. c4 bxc4 13. Bxc4 d5 14. exd5 cxd5 15. Bxd5 Nxd5 16. Nxd5 Qg3+ 17. Kf1 Qd6 18. Nac3 Qc6 19. Kf2 e6 20. Nb4 Qa8 21. d5 Ne5 22. dxe6 Bxe6 23. Ncd5 Bxd5 24. Qxd5 Qxd5 25. Nxd5 Rxb2+ 26. Kg3 0-0 27. Rab1 Nc4 28. Bc5 Rd8 29. Nb4 Be5+ 30. Kh3 Rc8 31. Be7 a5 32. Nd3 Rxb1 33. Rxb1 Nxa3 34. Bxa3 Bf6 35. Bc5 a4 36. Rb6 Bc3 37. Ra6 Rd8 38. Nf2 Re8 39. Ne4 Bb2 40. Rxa4 f5 41. Ng5 Rd8 42. Ra6 Rd1 43. Ra8+ Kg7 44. Bf8+ Kf6 45. Ra6+ Ke5 46. Bd6+ 1-0

[Event "EGY-ch"]
[Site "Cairo"]
[Date "2013.03.30"]
[Round "5"]
[White "Zayan, Mohamed"]
[Black "Ameir, Moheb"]
[Result "1-0"]
[WhiteElo "1879"]
[BlackElo "2271"]
[PlyCount "102"]
[EventDate "2013.03.26"]
[EventType "swiss"]
[EventRounds "9"]
[EventCountry "EGY"]
[SourceTitle "CBM 153 Extra"]
[Source "ChessBase"]
[SourceDate "2013.04.22"]
[SourceVersion "1"]
[SourceVersionDate "2013.04.22"]
[SourceQuality "1"]

1. e4 c5 2. Nf3 g6 3. d4 cxd4 4. Qxd4 Nf6 5. Nc3 Nc6 6. Qa4 Bg7 7. e5 Ng8 8. Bf4 f6 9. exf6 Nxf6 10. Bc4 Qa5 11. Qxa5 Nxa5 12. Bb3 a6 13. 0-0 Nxb3 14. axb3 0-0 15. Rfe1 Nh5 16. Bg5 e6 17. Be7 Rf7 18. Bd6 b6 19. h4 Bb7 20. Ng5 Rff8 21. Bxf8 Rxf8 22. Rad1 Bc6 23. Rd6 Nf4 24. g3 Nd5 25. Nxe6 Bxc3 26. bxc3 Re8 27. Kf1 Nxc3 28. Nf4 Bb5+ 29. Nd3 Ne4 30. Rd4 Nd2+ 31. Kg2 Bc6+ 32. Kh3 Rxe1 33. Nxe1 Ne4 34. Nd3 Nf6 35. Ne5 Bd5 36. c4 Be6+ 37. Kg2 d5 38. f3 a5 39. g4 h6 40. Kf2 g5 41. hxg5 hxg5 42. Ke2 Kf8 43. f4 gxf4 44. g5 Ne4 45. Ng6+ Kf7 46. Nxf4 Nxg5 47. cxd5 Bd7 48. Ke3 Kf6 49. d6 b5 50. Nd5+ Ke6 51. Nb6 Nf7 1-0

[Event "EGY-ch U20"]
[Site "Cairo"]
[Date "2013.02.27"]
[Round "2.3"]
[White "Zayan, Mohamed"]
[Black "Wagdy, Andro"]
[Result "1-0"]
[WhiteElo "1822"]
[BlackElo "2080"]
[PlyCount "76"]
[EventDate "2013.02.02"]
[EventType "swiss"]
[EventRounds "9"]
[EventCountry "EGY"]
[SourceTitle "EXT 2024"]
[Source "ChessBase"]
[SourceDate "2023.10.10"]
[SourceVersion "1"]
[SourceVersionDate "2023.10.10"]
[SourceQuality "1"]

1. e4 e6 2. d4 d5 3. Nd2 Nf6 4. e5 Nfd7 5. Ngf3 c5 6. c3 Nc6 7. Bd3 Be7 8. 0-0 g5 9. dxc5 g4 10. Nd4 Ndxe5 11. Bb5 Bxc5 12. Re1 Bd7 13. Bxc6 Nxc6 14. Qxg4 Qf6 15. N2b3 Be7 16. Nb5 Rc8 17. f4 a6 18. N5d4 Nxd4 19. Nxd4 Qg6 20. Qe2 Bf6 21. Nf3 Bb5 22. Qf2 Rg8 23. Be3 Bd3 24. Bd4 Be4 25. g3 Bxd4 26. Nxd4 Qg4 27. f5 e5 28. Nb3 f6 29. Qb6 Rc6 30. Qxb7 d4 31. Nxd4 Rxc3 32. Qxe4 Rxg3+ 33. hxg3 Qxg3+ 34. Kf1 Qh3+ 35. Ke2 Rg2+ 36. Kd1 Rxb2 37. Qc6+ Kf7 38. Qd7+ Kg8 1-0